Регионална библиотека "Любен Каравелов" - Русе

Кутузов (Запис номер 184823)

MARC детайли
000 -Лидер
Контролно поле с фиксирана дължина 02159nam a2200433 a 4500
003 - Код на организацията, давaща контролен номер
Контролно поле BLK
005 - Дата и час на последна редакция
Контролно поле 20240412092126.0
008 - Елементи от данни с фиксирана дължина
fixed length control field 180411b bul|||||r ||||||| ||bul||
010 ## - Наследен системен номер
LC control number KNG00193800000
040 ## - Източник на каталожния запис
Идентификатор на билиотеката - собственик на записа BLK
041 ## - Код за език
Код за езика на текст/звукозапис или на отделно заглавие Български
Код за езика КДБФ Български
080 ## - УДК
Текстов определител УДК Военна история - Военни походи, битки, героични подвизи. Вж и 93/99
УДК код - определител по УДК 355.48
УДК определител (470)(092)
УДК - код + определител 355.48(470)(092)
080 ## - УДК
УДК код - определител по УДК 929 Кутузов, Михаил Иларионович
УДК - код + определител 929 Кутузов, Михаил Иларионович
100 1# - Редна дума - Автор
Автор Жилин, Павел Андреевич
Авторска отговорност първи автор
R(LIN) 369329
139 ## - Редно поле
Редна дума Жилин, Павел Андреевич
Авторски знак Куп - К 94
245 10 - Сведения за заглавието
Заглавие Кутузов
Подзаглавни данни Живот и пълководческа дейност
Редно поле (дума) Павел Андреевич Жилин; прев. от рус. Виолета Пенева.
257 ## - Страна на издаване
Страна на създаване/издаване Русия
260 ## - Област на издателските данни
Място на издаване, разпространение и проч. София
Име на издателя, разпространителя и проч. ОФ
Година на издаване 1985
300 ## - Физическа характеристика
Страници 351 с.
Размери/Мащаб 21 см
380 ## - Жанр
Жанр Обществени науки
500 ## - Общи забележки
Забележка Ориг. загл. Михаил Илларионович Кутузов : Жизнь и полководческая деятельность. - 24 200 тир. - Библиогр. под линия.
600 #0 - Име на лице, използвано като предмет
За него / За нея Кутузов, Михаил Иларионович
Свързани дати 1745 - 1813
Друга информация Руски генерал-фелдмаршал
Пълна форма на името Голенишчев-Кутузов, Михаил Иларионович
9 (RLIN) 315099
650 #4 - Допълнително описание по предмет – тема
Основно описание – тема или топоним Военно изкуство - Русия
9 (RLIN) 318299
650 #4 - Допълнително описание по предмет – тема
Основно описание – тема или топоним История - Русия
9 (RLIN) 249447
650 #4 - Допълнително описание по предмет – тема
Основно описание – тема или топоним Кутузов, Михаил Иларионович
9 (RLIN) 315099
651 #4 - Допълнително описание по предмет - топоним
Географско понятие Русия
9 (RLIN) 179465
653 ## - Ключова дума – ненормативна
Ключова дума Михаил Кутузов
653 ## - Ключова дума – ненормативна
Ключова дума военна история
653 ## - Ключова дума – ненормативна
Ключова дума Отечествена война
653 ## - Ключова дума – ненормативна
Ключова дума руска история
700 1# - Други автори (авторска отговорност)
Лично име Пенева, Виолета
Автороска отговорност (Описва отношението между автора и произведението) прев. от рус.
9 (RLIN) 379077
852 ## - Местоположение
Форматна сигнатура Цб 136808
Фондова буква Хранилище
856 4# - Електронен адрес и достъп
Електронен формат pdf - файл
856 4# - Електронен адрес и достъп
Електронен формат pdf - файл
999 ## - СИСТЕМНИ КОНТРОЛНИ НОМЕРА
Koha biblionumber 184823
Koha biblioitemnumber 184823
942 ## - АРТИКУЛИ
Вид на библиотечния материал Книги
Скрит в OPAC Не
Периодичен библиозапис Да
944 ## - СЪЗДАВАНЕ И РЕДАКЦИЯ на ЗАПИСА
Създаване/Редакция Създаване
Дата на регистрацията/редакция 19.10.2016
Статус, дата на статуса Геновева Генчева
Служител, извършил регистрацията/редакцията 30560
944 ## - СЪЗДАВАНЕ И РЕДАКЦИЯ на ЗАПИСА
Създаване/Редакция Редакция
Дата на регистрацията/редакция 07.02.2018
Статус, дата на статуса ф /
Служител, извършил регистрацията/редакцията Теодора_Стоянова
999 ## - СИСТЕМНИ КОНТРОЛНИ НОМЕРА
Koha biblioitemnumber 184823
Наличности
Код за отписване Код за изгубен артикул Източник на класификационната схема Код за повреда Коз за рестрикции Код за отдаване Артикулен № Име на библиотеката - собственик Име на библиотеката, в която се намира в момента Статус (Текущо местоположение) Дата на вписване в системата Местоположение - отдел Цена в лева Инвентарен номер Систематично азбучна сигнатура Баркод Номер на екземпляра Цена в евро Служебна бележка Служебен тип на артикула
  Не е изгубен Universal Decimal Classification Не е повреден без рестрикции ползва се в читалня 319772 Регионална библиотека "Любен Каравелов" Русе Регионална библиотека "Любен Каравелов" Русе Хранилище 1985-01-01 Хранилище 2.86 434544 Цб 136808 120000434544 1 1.46 Дост: Dp Вид: Д N: стар фонд Дата: 01.01.1985 Книги
Изтеглен Не е изгубен Universal Decimal Classification Не е повреден без рестрикции заемане за дома 319773 Регионална библиотека "Любен Каравелов" Русе Регионална библиотека "Любен Каравелов" Русе Заемна - подръчен фонд 1985-01-01 Заемна - подръчен фонд 2.86 434335 П 355.48(092)/К 94 434335 2 1.46 Дост: Pk Вид: Ф N: стар фонд Дата: 01.01.1985 Дата инв: 07.02.2018 Бележки инв: П2018 Книги
Изтеглен Не е изгубен   Не е повреден без рестрикции заемане за дома 319774 Регионална библиотека "Любен Каравелов" Русе Регионална библиотека "Любен Каравелов" Русе Заемна - подръчен фонд 2017-12-14 Заемна - подръчен фонд 12.00 120000817908 П 355.48(092)/К 94 120000817908 3 6.14 Дост: DA Вид: А N: 44 Дата: 14.12.2017 Дата инв: 07.02.2018 Бележки инв: П2018 Книги
Vip Innovations Ltd, Rousse, Bulgaria 2025